[Event "PRO League Group Stage"]
[Site "chess.com INT"]
[Date "2019.02.21"]
[Round "7"]
[White "Noritsyn, Nikolay"]
[Black "Usmanov, Vasily"]
[Result "1-0"]
[WhiteTitle "IM"]
[BlackTitle "IM"]
[WhiteElo "2484"]
[BlackElo "2450"]
[WhiteTeam "Montreal Chessbrahs"]
[BlackTeam "Moscow Wizards"]
[WhiteFideId "2604922"]
[BlackFideId "4135741"]
[EventDate "2019.01.08"]

1. e4 e6 2. d4 d5 3. Nc3 Nf6 4. Bg5 Be7 5. e5 Nfd7 6. Bxe7 Qxe7 7. f4 a6 8. Nf3
c5 9. dxc5 Nxc5 10. Qd2 Nc6 11. Bd3 O-O 12. O-O Nxd3 13. cxd3 b5 14. Ne2 b4 15.
Rac1 Bb7 16. Ned4 Rfc8 17. Qe3 a5 18. Nxc6 Rxc6 19. Rxc6 Bxc6 20. Rc1 Qb7 21.
Qc5 Bd7 22. Qc7 Qxc7 23. Rxc7 Bb5 24. Ne1 Kf8 25. Kf2 d4 26. Ke2 Ra6 27. Nc2 Bc6
28. g3 Bd5 29. b3 h6 30. h4 g5 31. hxg5 hxg5 32. Nxd4 a4 33. f5 exf5 34. Nxf5
Be6 35. Nd4 axb3 36. axb3 Ra5 37. Nxe6+ fxe6 38. d4 Ra3 39. Kf3 Rxb3+ 40. Kg4
Ke8 41. Rb7 Kd8 42. Kxg5 Kc8 43. Rb5 Kd7 44. g4 Rb1 45. Kg6 b3 46. g5 b2 47. d5
exd5 48. Rxd5+ Ke6 49. Rb5 Ke7 50. Rb6 Kd7 51. Kg7 Kc7 52. Rb3 Kd7 53. g6 Ke6
54. Rb5 Kd7 55. Rb6 Kc7 56. Rb3 Kd7 57. Kg8 Ke6 58. g7 Kxe5 59. Kf7 Rf1+ 60. Ke7
b1=Q 61. g8=Q Qf5 62. Rb5+ Kd4 63. Rxf5 Rxf5 64. Kd6 Rf6+ 65. Ke7 Rf5 66. Qg1+
Ke4 67. Ke6 Re5+ 68. Kf6 Rf5+ 69. Kg6 Re5 70. Qb1+ Kf4 71. Qc1+ Ke4 72. Qc2+ Kf4
73. Kf6 Re4 74. Qf2+ Kg4 75. Qf5+ 1-0

[Event "PRO League Group Stage"]
[Site "chess.com INT"]
[Date "2019.02.26"]
[Round "8"]
[White "Horton, Andrew P"]
[Black "Iturrizaga Bonelli, Eduardo"]
[Result "1-0"]
[WhiteTitle "IM"]
[BlackTitle "GM"]
[WhiteElo "2388"]
[BlackElo "2637"]
[WhiteTeam "London Lions"]
[BlackTeam "Miami Champions"]
[WhiteFideId "424269"]
[BlackFideId "3901211"]
[EventDate "2019.01.08"]

1. Nf3 c5 2. c4 g6 3. g3 Bg7 4. Bg2 Nc6 5. Nc3 Nh6 6. h4 d6 7. d3 Bg4 8. Bd2 Qd7
9. Qc1 Nf5 10. Nh2 Nfd4 11. Nxg4 Qxg4 12. Bh3 Qh5 13. g4 Qe5 14. Bf4 Qe6 15. g5
Nf5 16. Kf1 Ne5 17. Qd1 h6 18. e4 hxg5 19. exf5 gxf5 20. hxg5 Rh4 21. Bxe5 Bxe5
22. Qf3 Qd7 23. Nd5 O-O-O 24. Bxf5 Rxh1+ 25. Qxh1 e6 26. Bg4 Qa4 27. Ne3 Bxb2
28. Re1 Qxa2 29. Qf3 Bc3 30. Rd1 Rd7 31. g6 f5 32. Nxf5 exf5 33. Qxf5 Qa4 34.
Qxd7+ Qxd7 35. Bxd7+ Kxd7 36. d4 Ke7 37. dxc5 dxc5 38. f4 a5 39. Ke2 a4 40. Kd3
Bd4 41. Rb1 a3 42. Rxb7+ Kf8 43. Ra7 Bb2 44. f5 Kg8 45. Ke4 1-0

[Event "PRO League Group Stage"]
[Site "chess.com INT"]
[Date "2019.02.26"]
[Round "8"]
[White "Harvey, Marcus R"]
[Black "Eljanov, Pavel"]
[Result "0-1"]
[WhiteTitle "FM"]
[BlackTitle "GM"]
[WhiteElo "2397"]
[BlackElo "2680"]
[WhiteTeam "London Lions"]
[BlackTeam "Miami Champions"]
[WhiteFideId "400092"]
[BlackFideId "14102951"]
[EventDate "2019.01.08"]

1. Nf3 d5 2. e3 Nf6 3. b3 Bf5 4. Bb2 e6 5. Nh4 Bg4 6. Be2 Bxe2 7. Qxe2 Nbd7 8.
f4 Bd6 9. O-O Qe7 10. Nc3 c6 11. Nf3 O-O-O 12. Rae1 h6 13. e4 dxe4 14. Nd4 Bc5
15. Nxe4 Nxe4 16. Qxe4 Nf6 17. Qd3 Rd5 18. c3 h5 19. Kh1 g6 20. a4 h4 21. Rf3
Bxd4 22. cxd4 Ng4 23. h3 Nh6 24. Re5 Rhd8 25. Qc4 Nf5 26. Rd3 Rxe5 27. dxe5 Rxd3
28. Qxd3 Qb4 29. a5 Qxa5 30. Bc3 Qd5 31. Qb1 c5 32. b4 Qc4 33. bxc5 Ng3+ 34. Kh2
Qxf4 35. Qb5 Ne2+ 0-1

[Event "PRO League Group Stage"]
[Site "chess.com INT"]
[Date "2019.02.26"]
[Round "8"]
[White "Wang, Tianqi"]
[Black "Tan, Justin2"]
[Result "1-0"]
[BlackTitle "GM"]
[WhiteElo "2329"]
[BlackElo "2502"]
[WhiteTeam "Miami Champions"]
[BlackTeam "London Lions"]
[WhiteFideId "2063824"]
[BlackFideId "3206882"]
[EventDate "2019.01.08"]

1. Nf3 c5 2. c4 Nc6 3. b3 e5 4. Bb2 d6 5. d3 f5 6. Nc3 Nf6 7. e3 Be7 8. Be2 O-O
9. O-O Kh8 10. a3 Be6 11. Nd2 Qd7 12. Bf3 Rae8 13. g3 f4 14. Nce4 Bh3 15. Re1
fxe3 16. fxe3 Ng4 17. Qe2 Rf7 18. Bg2 Bxg2 19. Kxg2 Ref8 20. Rf1 d5 21. cxd5
Rxf1 22. Rxf1 Nd8 23. d6 Bf6 24. h3 Nh6 25. Bxe5 Qe6 26. d4 cxd4 27. exd4 Nc6
28. Bxf6 gxf6 29. Qh5 f5 30. d5 Qxd5 31. Qxh6 Rf7 32. d7 fxe4 33. Rxf7 e3+ 34.
Nf3 Qxf7 35. Qxc6 bxc6 36. d8=Q+ 1-0

[Event "PRO League Group Stage"]
[Site "chess.com INT"]
[Date "2019.02.26"]
[Round "8"]
[White "Xu, Grant"]
[Black "Saric, Ivan"]
[Result "0-1"]
[BlackTitle "GM"]
[WhiteElo "2207"]
[BlackElo "2690"]
[WhiteTeam "New York Marshalls"]
[BlackTeam "Montreal Chessbrahs"]
[WhiteFideId "2052318"]
[BlackFideId "14508150"]
[EventDate "2019.01.08"]

1. e4 c5 2. d4 cxd4 3. c3 Nf6 4. e5 Nd5 5. Nf3 d6 6. exd6 e6 7. Nxd4 Bxd6 8. g3
O-O 9. Bg2 Nc6 10. O-O Bd7 11. Nb5 Bc5 12. c4 Nb6 13. Qh5 Qe7 14. Nd2 f5 15. Re1
Nb4 16. Na3 Nd3 17. Re2 Rad8 18. Nb3 Be8 19. Qg5 Nxc1 20. Qxc1 Bh5 21. Nxc5 Bxe2
22. Qe3 Rd1+ 23. Rxd1 Bxd1 24. Nxe6 Re8 25. Bd5 Nxd5 26. cxd5 Bh5 27. Nb5 Bf7
28. Nbc7 Rc8 29. Qxa7 f4 30. gxf4 Bxe6 31. Nxe6 Qh4 32. Qe3 Qg4+ 33. Kf1 Qd1+
34. Qe1 Qxd5 35. Qe5 Qh1+ 36. Ke2 Rc2+ 37. Kd3 Qd1+ 38. Ke4 Re2+ 0-1

[Event "PRO League Group Stage"]
[Site "chess.com INT"]
[Date "2019.02.26"]
[Round "8"]
[White "Khamrakulov, Djurabek"]
[Black "Hansen, Eric"]
[Result "0-1"]
[WhiteTitle "GM"]
[BlackTitle "GM"]
[WhiteElo "2503"]
[BlackElo "2615"]
[WhiteTeam "New York Marshalls"]
[BlackTeam "Montreal Chessbrahs"]
[WhiteFideId "14201143"]
[BlackFideId "2606771"]
[EventDate "2019.01.08"]

1. e4 c5 2. c3 Nf6 3. e5 Nd5 4. d4 cxd4 5. Nf3 Nc6 6. cxd4 d6 7. Bc4 e6 8. O-O
Be7 9. Qe2 O-O 10. Rd1 Bd7 11. Bd2 Rc8 12. Nc3 dxe5 13. dxe5 Nxc3 14. Bxc3 Qc7
15. Qe4 Rfd8 16. Bd3 g6 17. Qf4 Be8 18. h4 Rd5 19. Be4 Rxd1+ 20. Rxd1 Rd8 21.
Rc1 Qb6 22. h5 Nb4 23. hxg6 hxg6 24. Ra1 Nd3 25. Bxd3 Rxd3 26. Ng5 Qd8 27. Ne4
Bc6 28. Nd6 Qf8 29. Re1 Qg7 30. Qc4 Rd5 31. Nxb7 Bxb7 32. Qc7 Bc5 33. Qxb7 Qh6
34. Bb4 Bb6 35. Qc8+ Kh7 36. Qc4 Rd4 37. Qb5 Qf4 38. Bc5 Rd5 39. b4 Bxc5 40.
bxc5 Rd2 41. Qf1 Rc2 42. g3 Qd4 43. Rc1 Rxc5 44. Rxc5 Qxc5 45. Qe2 Qd4 46. Qf3
Kg8 47. Qf6 a5 48. Kh2 a4 49. f4 Qd2+ 50. Kh3 Qd5 51. Kg4 Qd1+ 52. Kh3 Qh1+ 0-1

[Event "PRO League Group Stage"]
[Site "chess.com INT"]
[Date "2019.02.26"]
[Round "8"]
[White "Sai, Krishna G V"]
[Black "Azarov, Sergei"]
[Result "0-1"]
[WhiteTitle "IM"]
[BlackTitle "GM"]
[WhiteElo "2409"]
[BlackElo "2575"]
[WhiteTeam "Montreal Chessbrahs"]
[BlackTeam "New York Marshalls"]
[WhiteFideId "5028280"]
[BlackFideId "13501470"]
[EventDate "2019.01.08"]

1. e4 e5 2. Nf3 Nc6 3. Bb5 a6 4. Ba4 Nf6 5. O-O Be7 6. Re1 b5 7. Bb3 d6 8. c3
O-O 9. h3 h6 10. d4 Re8 11. Nbd2 Bf8 12. Nf1 Bb7 13. Ng3 Na5 14. Bc2 Nc4 15. a4
d5 16. Nxe5 Nxe4 17. Nxc4 bxc4 18. Bf4 c5 19. Qf3 cxd4 20. cxd4 Qb6 21. Nf5 Re6
22. Be5 Rae8 23. a5 Qxb2 24. Rab1 Qxc2 25. Rxb7 Ng5 26. Qg4 Rf6 27. Bxf6 Rxe1+
28. Kh2 gxf6 29. h4 Qe4 30. Qh5 Qxf5 31. hxg5 Qf4+ 32. g3 Qxf2+ 0-1

[Event "PRO League Group Stage"]
[Site "chess.com INT"]
[Date "2019.02.26"]
[Round "8"]
[White "Rodrigue-Lemieux, Shawn"]
[Black "Zhigalko, Sergei"]
[Result "1/2-1/2"]
[WhiteTitle "FM"]
[BlackTitle "GM"]
[WhiteElo "2293"]
[BlackElo "2604"]
[WhiteTeam "Montreal Chessbrahs"]
[BlackTeam "New York Marshalls"]
[WhiteFideId "2620049"]
[BlackFideId "13502956"]
[EventDate "2019.01.08"]

1. e4 c5 2. Na3 g6 3. g3 Bg7 4. Bg2 Nc6 5. Ne2 Nf6 6. O-O O-O 7. c3 d5 8. exd5
Nxd5 9. Nc4 Be6 10. d3 Qd7 11. Qc2 Bh3 12. Bxd5 Qxd5 13. Nf4 Qd7 14. Nxh3 Qxh3
15. a4 Rfd8 16. Be3 Rd5 17. Rad1 Rad8 18. Rd2 h5 19. Qd1 Qf5 20. Qe2 Ne5 21.
Nxe5 Rxe5 22. Rfd1 Red5 23. h4 Qd7 24. d4 cxd4 25. Bxd4 Qxa4 26. Qxe7 Bxd4 27.
cxd4 Qc6 28. Qe4 Qd7 29. Rd3 Re8 30. Qf4 Rd8 31. Qe4 a6 32. Kg2 Re8 33. Qf4 Re2
34. R1d2 Re6 35. Re3 Kg7 36. Rxe6 Qxe6 37. Qe3 Qd7 38. Qe4 Qd6 39. Qe3 b5 40.
Qe4 a5 41. Rd3 a4 42. Qe3 Qc6 43. Qf3 Qc4 44. Qe4 b4 45. Kh2 Rf5 46. Kg2 Qc2 47.
Qe3 Qxb2 48. d5 Re5 49. Qf4 Rf5 50. Qe3 Re5 51. Qf4 Re1 52. Rf3 Re7 53. d6 Rd7
54. Re3 Qd2 55. Qe5+ Kh7 56. Rf3 a3 57. Qe8 Qxd6 58. Rxf7+ Rxf7 59. Qxf7+ Kh8
60. Qe8+ Kg7 61. Qb5 Kh6 62. Qb7 a2 63. Qa8 Kh7 64. Qxa2 Qc6+ 65. Kh2 Qb7 66.
Qb3 Kg7 67. Kg1 Kf6 68. Kf1 Ke7 69. Ke2 Kd6 70. Kd2 Qd5+ 71. Qxd5+ Kxd5 72. Kd3
b3 73. f3 b2 74. Kc2 Kd4 75. g4 Ke3 76. gxh5 gxh5 77. Kxb2 Kxf3 78. Kc2 Kg3 79.
Kd2 Kxh4 80. Ke2 Kg3 81. Kf1 Kh2 82. Kf2 h4 83. Kf1 h3 84. Kf2 Kh1 85. Kf1 h2
86. Kf2 1/2-1/2

[Event "PRO League Group Stage"]
[Site "chess.com INT"]
[Date "2019.02.26"]
[Round "8"]
[White "Jones, Gawain C B"]
[Black "Wang, Tianqi"]
[Result "1-0"]
[WhiteTitle "GM"]
[WhiteElo "2691"]
[BlackElo "2329"]
[WhiteTeam "London Lions"]
[BlackTeam "Miami Champions"]
[WhiteFideId "409561"]
[BlackFideId "2063824"]
[EventDate "2019.01.08"]

1. a3 Nf6 2. g3 c5 3. Bg2 e6 4. Nf3 Be7 5. c4 a6 6. d4 cxd4 7. Nxd4 O-O 8. Nc3
Nc6 9. O-O Qc7 10. b3 d6 11. Bb2 Bd7 12. Rc1 Nxd4 13. Qxd4 Rfd8 14. Rfd1 Bf8 15.
Qd3 Be8 16. Qf3 Rab8 17. Qf4 Qb6 18. b4 Bc6 19. e4 Be7 20. h3 Rbc8 21. Rd3 Nd7
22. Ne2 e5 23. Qd2 Nf6 24. Nc3 Qa7 25. Qe2 b5 26. cxb5 axb5 27. Rd2 Qb7 28. Rdc2
Be8 29. Qd3 h6 30. Rd1 Rc7 31. Bc1 Rdc8 32. Bd2 Nd7 33. Nd5 Rxc2 34. Nxe7+ Kh8
35. Nxc8 Qxc8 36. Qxd6 f6 37. Be3 Kg8 38. Qe6+ Kh8 39. h4 Nf8 40. Qxc8 Rxc8 41.
Bh3 Ra8 42. Bc5 Kg8 43. Rd3 Bf7 44. Rc3 Ne6 45. Bf1 Be8 46. Be3 g5 47. f3 Kf8
48. Kf2 Ke7 49. Bd3 Bd7 50. Bc5+ Kf7 51. Be3 Ke7 52. Ke1 Rg8 53. Bc5+ Ke8 54.
Bf1 gxh4 55. gxh4 h5 56. Rd3 Nxc5 57. bxc5 Rg1 58. Kf2 Rh1 59. Rd6 Ke7 60. Rb6
Rh2+ 61. Kg3 Ra2 62. c6 Be6 63. Ra6 Bc4 64. Bxc4 bxc4 65. c7 Kd7 66. Rc6 Kc8 67.
Rxc4 Rxa3 68. Rc6 f5 69. exf5 e4 70. Kf4 exf3 71. Kg3 Ra5 72. Kf4 f2 73. Rc1 Rc5
74. Rf1 Kxc7 75. Rxf2 Kd7 76. Kg5 Ke7 77. Kg6 Rc1 78. Re2+ Kf8 79. Ra2 Rg1+ 80.
Kf6 Kg8 81. Ra8+ Kh7 82. Kf7 Rg4 83. f6 Rxh4 84. Ke6 Re4+ 85. Kf5 Re1 86. f7
Rf1+ 87. Ke6 Re1+ 88. Kd5 Rd1+ 89. Ke4 1-0

[Event "PRO League Group Stage"]
[Site "chess.com INT"]
[Date "2019.02.26"]
[Round "8"]
[White "Eljanov, Pavel"]
[Black "Horton, Andrew P"]
[Result "1-0"]
[WhiteTitle "GM"]
[BlackTitle "IM"]
[WhiteElo "2680"]
[BlackElo "2388"]
[WhiteTeam "Miami Champions"]
[BlackTeam "London Lions"]
[WhiteFideId "14102951"]
[BlackFideId "424269"]
[EventDate "2019.01.08"]

1. Nf3 Nf6 2. g3 b5 3. Bg2 Bb7 4. Na3 b4 5. Nc4 a5 6. O-O e6 7. Nce5 Qc8 8. d3
d6 9. Nc4 Be7 10. e4 Nbd7 11. a3 O-O 12. Re1 Re8 13. Bd2 d5 14. exd5 Bxd5 15. a4
Ra6 16. b3 Qa8 17. Qe2 h6 18. Rad1 Rd8 19. Bf4 Qb7 20. Bc1 Ne8 21. Ne3 Bc6 22.
Nd2 Bxg2 23. Nxg2 Nb6 24. Ne3 Nd5 25. Nxd5 Qxd5 26. Nc4 Bf6 27. Qg4 h5 28. Qe4
Bc3 29. Re2 Qxe4 30. Rxe4 Nd6 31. Rh4 Nf5 32. Rxh5 g6 33. Rh3 Nd4 34. Ne3 Rc6
35. Kf1 Nf3 36. Nc4 Rd5 37. Be3 g5 38. g4 Ne5 39. Nxe5 Bxe5 40. Rd2 f6 41. Ke2
Bc3 42. Rd1 Bb2 43. Rb1 Be5 44. Kd2 Bc3+ 45. Kd1 Kg7 46. Rh5 Bd4 47. h3 Be5 48.
h4 gxh4 49. Rxh4 Bd4 50. Rh5 Bxe3 51. Rxd5 exd5 52. fxe3 Kg6 53. Kd2 Kg5 54. Rg1
Re6 55. Rg2 Re7 56. Rf2 c6 57. Rf5+ Kg6 58. d4 Rh7 59. e4 Rh2+ 60. Ke3 Rxc2 61.
exd5 cxd5 62. Rxd5 Rc3+ 63. Ke4 Rxb3 64. Rxa5 Rg3 65. Rb5 Rxg4+ 66. Kd3 Rg3+ 67.
Kc4 f5 68. Rxb4 Ra3 69. d5 f4 70. d6 Kf6 71. Kd5 f3 72. Rf4+ Kg7 73. d7 Rd3+ 74.
Ke6 Kg6 75. Rxf3 Rxf3 76. d8=Q Re3+ 77. Kd7 Rd3+ 78. Ke7 Rxd8 79. Kxd8 Kf6 80.
a5 Ke6 81. a6 1-0

[Event "PRO League Group Stage"]
[Site "chess.com INT"]
[Date "2019.02.26"]
[Round "8"]
[White "Smith, Daniel"]
[Black "Le, Quang Liem"]
[Result "0-1"]
[BlackTitle "GM"]
[WhiteElo "2047"]
[BlackElo "2714"]
[WhiteTeam "Montclair Sopranos"]
[BlackTeam "Webster Windmills"]
[WhiteFideId "2024195"]
[BlackFideId "12401137"]
[EventDate "2019.01.08"]

1. e4 c5 2. Nf3 d6 3. d4 cxd4 4. Nxd4 Nf6 5. Nc3 a6 6. Be3 e5 7. Nf3 Be7 8. Bc4
O-O 9. O-O Be6 10. Bxe6 fxe6 11. Na4 Ng4 12. Qd3 Nd7 13. Qb3 d5 14. exd5 b5 15.
Nc3 Nxe3 16. fxe3 Nc5 17. Qb4 exd5 18. Nxe5 Rxf1+ 19. Rxf1 Ne4 20. Qd4 Nxc3 21.
bxc3 Bf6 22. Rd1 Rc8 23. e4 dxe4 24. Qxd8+ Bxd8 25. Kf2 Bf6 26. Nd7 Rxc3 27.
Nxf6+ gxf6 28. Rd8+ Kg7 29. Re8 Rxc2+ 30. Kg3 Rxa2 31. Rxe4 a5 32. Re7+ Kg6 33.
Rb7 b4 34. h4 h5 35. Kf3 Ra3+ 36. Kf4 b3 37. g4 Ra4+ 38. Ke3 Rxg4 39. Rxb3 Rg3+ 0-1

[Event "PRO League Group Stage"]
[Site "chess.com INT"]
[Date "2019.02.26"]
[Round "8"]
[White "Lenderman, Aleksandr"]
[Black "Durarbayli, Vasif"]
[Result "1/2-1/2"]
[WhiteTitle "GM"]
[BlackTitle "GM"]
[WhiteElo "2637"]
[BlackElo "2620"]
[WhiteTeam "Montclair Sopranos"]
[BlackTeam "Webster Windmills"]
[WhiteFideId "2021285"]
[BlackFideId "13402935"]
[EventDate "2019.01.08"]

1. d4 Nf6 2. c4 g6 3. g3 c6 4. Nf3 Bg7 5. Bg2 d5 6. Qb3 a5 7. cxd5 a4 8. Qd1
cxd5 9. O-O O-O 10. Nc3 Qa5 11. a3 Ne4 12. Bd2 Nxd2 13. Qxd2 Nc6 14. e3 Bd7 15.
Rfd1 Rfc8 16. Rac1 e6 17. Ne1 Qd8 18. Nd3 Na5 19. Qe2 Nb3 20. Rb1 Be8 21. Nc1
Na5 22. Nd3 Nb3 23. Nc1 Na5 24. Nd3 b6 25. h4 Ra7 26. h5 Nc4 27. hxg6 hxg6 28.
Na2 Rac7 29. Bf3 Bb5 30. Qe1 Nd6 31. Nc3 Bc4 32. Nb4 Qd7 33. Be2 Bf8 34. Rdc1
Bxe2 35. Nxe2 Ne4 36. Nd3 Rc2 37. Rxc2 Rxc2 38. Rc1 Qc7 39. Qd1 Rxc1 40. Ndxc1
b5 41. Nd3 Bd6 42. Kg2 Qc4 43. Ng1 b4 44. axb4 Bxb4 45. Qxa4 Qxd3 46. Qxb4 Nd2
47. Qb8+ Kg7 48. Qe5+ Kg8 49. Qf4 Qf1+ 50. Kh2 Qb5 51. Nh3 Ne4 52. Ng5 Nxg5 53.
Qxg5 Qxb2 1/2-1/2

[Event "PRO League Group Stage"]
[Site "chess.com INT"]
[Date "2019.02.26"]
[Round "8"]
[White "Shimanov, Aleksandr"]
[Black "Sevian, Samuel"]
[Result "0-1"]
[WhiteTitle "GM"]
[BlackTitle "GM"]
[WhiteElo "2610"]
[BlackElo "2647"]
[WhiteTeam "Webster Windmills"]
[BlackTeam "Montclair Sopranos"]
[WhiteFideId "4198603"]
[BlackFideId "2040506"]
[EventDate "2019.01.08"]

1. d4 Nf6 2. Bg5 d5 3. e3 g6 4. Nd2 Bg7 5. Ngf3 O-O 6. Be2 c5 7. c3 Qb6 8. Qb3
c4 9. Qc2 Bf5 10. Qc1 Nc6 11. b3 cxb3 12. axb3 Rac8 13. Qb2 Rfe8 14. O-O Ne4 15.
Nxe4 Bxe4 16. Nd2 Bf5 17. Bf3 h6 18. Bh4 e5 19. Rfc1 exd4 20. exd4 Nxd4 21. cxd4
Bxd4 22. Qa3 Bxa1 23. Qxa1 Qb4 24. Bf6 Qxd2 25. Rd1 Qf4 26. Bxd5 Kh7 27. Bxf7
Re2 28. Bd5 Rd2 29. Re1 Qxf2+ 30. Kh1 Re2 31. Rf1 Ra2 32. Qd1 Qe2 33. Qe1 Qxe1
34. Rxe1 Re2 35. Ra1 Be4 36. Bxe4 Rxe4 37. h3 Re6 38. Bb2 a6 39. Rf1 Re7 40. Rf6
g5 41. Rb6 Rc6 42. Rb4 Rc2 43. Bf6 Rf7 44. Be5 Rc5 45. Bg3 Rb5 0-1

[Event "PRO League Group Stage"]
[Site "chess.com INT"]
[Date "2019.02.26"]
[Round "8"]
[White "Grabinsky, Joshua"]
[Black "Guseinov, Gadir"]
[Result "0-1"]
[WhiteTitle "CM"]
[BlackTitle "GM"]
[WhiteElo "2078"]
[BlackElo "2664"]
[WhiteTeam "Webster Windmills"]
[BlackTeam "Montclair Sopranos"]
[WhiteFideId "30919754"]
[BlackFideId "13401378"]
[EventDate "2019.01.08"]

1. e4 c5 2. Nf3 Nc6 3. d4 cxd4 4. Nxd4 g6 5. c4 Bg7 6. Be3 Qb6 7. Nb3 Qd8 8. Nc3
Nf6 9. Be2 O-O 10. O-O d6 11. Rc1 Bd7 12. f3 Rc8 13. Qd2 Be6 14. Nb5 a6 15. N5d4
Bd7 16. Rfd1 Qc7 17. Nxc6 bxc6 18. c5 d5 19. Bd4 e5 20. Bc3 Be6 21. Qg5 Nh5 22.
exd5 Bxd5 23. Bxa6 Ra8 24. Ba5 Qb8 25. Bc4 Nf4 26. Bxd5 Ne2+ 27. Kh1 Nxc1 28.
Qxc1 cxd5 29. Rxd5 Qb5 30. Qe1 Qa4 31. Qb1 Rxa5 32. Nxa5 Qxa5 33. h3 Rb8 34. b3
Bf8 35. Qe4 Qxa2 36. c6 Qxb3 37. Qxe5 Rc8 38. c7 Rxc7 39. Rd8 Rc1+ 40. Kh2 Qa3
41. Qe8 Qc5 42. h4 Qg1+ 43. Kh3 Qh1+ 44. Kg3 Qe1+ 45. Qxe1 Rxe1 46. h5 gxh5 47.
Rd5 Rh1 48. Rg5+ Bg7 49. Kf4 Kf8 50. Ra5 Bh6+ 51. Kf5 Kg7 52. Ra2 Rd1 53. g4
hxg4 54. fxg4 Rf1+ 55. Ke5 Bf4+ 56. Ke4 Bg5 57. Rg2 Kg6 58. Rg3 Rf4+ 59. Ke5 Ra4
60. Rg2 Bf4+ 61. Kd5 Kg5 62. Rg1 h6 63. Rg2 f6 64. Rg1 Be5 0-1

[Event "PRO League Group Stage"]
[Site "chess.com INT"]
[Date "2019.02.26"]
[Round "8"]
[White "Iturrizaga Bonelli, Eduardo"]
[Black "Harvey, Marcus R"]
[Result "1-0"]
[WhiteTitle "GM"]
[BlackTitle "FM"]
[WhiteElo "2637"]
[BlackElo "2397"]
[WhiteTeam "Miami Champions"]
[BlackTeam "London Lions"]
[WhiteFideId "3901211"]
[BlackFideId "400092"]
[EventDate "2019.01.08"]

1. Nf3 Nf6 2. c4 e6 3. g3 b6 4. Bg2 Bb7 5. O-O c5 6. b3 Be7 7. Bb2 O-O 8. e3 d5
9. Qe2 Nc6 10. Rd1 d4 11. exd4 cxd4 12. d3 Bc5 13. Na3 Nd7 14. Nc2 e5 15. a3 a5
16. Nd2 Qe7 17. Re1 f5 18. Bd5+ Kh8 19. Nf3 Qd6 20. b4 axb4 21. axb4 Bxb4 22.
Nxb4 Qxb4 23. Ng5 Rxa1 24. Rxa1 Qe7 25. Nxh7 Rf6 26. Ba3 Qe8 27. Nxf6 Nxf6 28.
Re1 e4 29. dxe4 fxe4 30. Bxe4 Qa8 31. Bb2 Qa2 32. Bxc6 1-0

[Event "PRO League Group Stage"]
[Site "chess.com INT"]
[Date "2019.02.26"]
[Round "8"]
[White "Saric, Ivan"]
[Black "Khamrakulov, Djurabek"]
[Result "1-0"]
[WhiteTitle "GM"]
[BlackTitle "GM"]
[WhiteElo "2690"]
[BlackElo "2503"]
[WhiteTeam "Montreal Chessbrahs"]
[BlackTeam "New York Marshalls"]
[WhiteFideId "14508150"]
[BlackFideId "14201143"]
[EventDate "2019.01.08"]

1. e4 c6 2. d4 d5 3. e5 Bf5 4. Nf3 e6 5. Be2 f6 6. O-O fxe5 7. Nxe5 Nd7 8. Bd3
Ngf6 9. Bxf5 exf5 10. c4 Be7 11. Nc3 Nxe5 12. dxe5 Ne4 13. Nxe4 dxe4 14. Qh5+ g6
15. Qh6 Bf8 16. Qh3 Qe7 17. Bf4 Bg7 18. Rad1 O-O 19. Rd6 g5 20. Be3 Bxe5 21. Rh6
Bxb2 22. Rb1 Be5 23. Qh5 Bf6 24. h4 f4 25. Bc5 Qxc5 26. Rxb7 Qf5 27. Rbxh7 1-0

[Event "PRO League Group Stage"]
[Site "chess.com INT"]
[Date "2019.02.26"]
[Round "8"]
[White "Hansen, Eric"]
[Black "Xu, Grant"]
[Result "1-0"]
[WhiteTitle "GM"]
[WhiteElo "2615"]
[BlackElo "2207"]
[WhiteTeam "Montreal Chessbrahs"]
[BlackTeam "New York Marshalls"]
[WhiteFideId "2606771"]
[BlackFideId "2052318"]
[EventDate "2019.01.08"]

1. e4 d6 2. d4 Nf6 3. Nc3 e5 4. Nf3 Nbd7 5. Bc4 Be7 6. a4 O-O 7. O-O a6 8. Re1
b6 9. h3 Bb7 10. d5 Kh8 11. b3 Ng8 12. Ne2 Nc5 13. Ng3 c6 14. dxc6 Bxc6 15. Bd5
Bxd5 16. Qxd5 Nf6 17. Qd2 Qd7 18. Ba3 g6 19. a5 b5 20. Bxc5 dxc5 21. Qc3 Qe6 22.
Nxe5 Rad8 23. Rad1 h5 24. Nf3 Kg8 25. Qe3 Nh7 26. e5 c4 27. Nd4 Qc8 28. Ne4 cxb3
29. cxb3 Rde8 30. Qh6 Kh8 31. Rc1 Qd7 32. Nc6 Bh4 33. Nf6 Bxf6 34. exf6 Rxe1+
35. Rxe1 Rg8 36. Ne7 Qe8 37. Nxg6+ fxg6 38. Rxe8 1-0

[Event "PRO League Group Stage"]
[Site "chess.com INT"]
[Date "2019.02.26"]
[Round "8"]
[White "Zhigalko, Sergei"]
[Black "Sai, Krishna G V"]
[Result "1-0"]
[WhiteTitle "GM"]
[BlackTitle "IM"]
[WhiteElo "2604"]
[BlackElo "2409"]
[WhiteTeam "New York Marshalls"]
[BlackTeam "Montreal Chessbrahs"]
[WhiteFideId "13502956"]
[BlackFideId "5028280"]
[EventDate "2019.01.08"]

1. e4 e5 2. Nf3 Nc6 3. Bb5 a6 4. Ba4 d6 5. O-O Nf6 6. Re1 Be7 7. c3 b5 8. Bc2
O-O 9. h3 Nd7 10. d4 Bf6 11. a4 Bb7 12. d5 Ne7 13. Na3 Nc5 14. axb5 axb5 15. b4
Nd7 16. Be3 c6 17. dxc6 Bxc6 18. Qxd6 Ra6 19. Bb3 Qc8 20. Qd3 Rd8 21. Ng5 Bxg5
22. Bxg5 Nf6 23. Qe3 Be8 24. c4 h6 25. Bxf6 Rxf6 26. Nxb5 Bxb5 27. cxb5 Ng6 28.
Rec1 Qb8 29. Rc6 Nf4 30. Rxf6 gxf6 31. Bc4 Rd4 32. Bf1 Rxb4 33. g3 Ng6 34. Qxh6
Rb2 35. Qc1 Rb4 36. Qc6 Kg7 37. Ra8 Ne7 38. Qa6 Qc7 39. Ra7 Qc5 40. Qa2 Rd4 41.
Ra6 Rd1 42. Qe2 Qc1 43. Kg2 Re1 44. Qc4 Qb1 45. b6 Rc1 46. Qd3 Qb2 47. Ra7 Ng6
48. Qd5 Nh8 49. Qd3 Qxb6 50. Rd7 Qb2 51. Qf3 Rc2 52. h4 Kf8 53. h5 Kg7 54. Rd3
Qa1 55. Qg4+ Kf8 56. Rd8+ Ke7 57. Qd7# 1-0